MARC

LEADER 00000nam0a2200000 4500
001 259806
005 20231101233423.0
010 |a 5229001771 
020 |a RU  |b 88-41524 
035 |a (RuTPU)RU\TPU\book\282752 
090 |a 259806 
100 |a 20140512d1988 k a0rusy5003 ca 
101 0 |a rus 
102 |a RU 
105 |a a z 001zy 
200 1 |a Производство качественного металла на современных сортовых станах  |f Н. Г. Бочков 
210 |a Москва  |c Металлургия  |d 1988 
215 |a 312 с.  |c ил. 
320 |a Библиогр.: с. 308-313 (137 назв.) 
606 1 |a Прокат сортовой  |x Резка  |y Экономия металлов  |2 stltpush  |3 (RuTPU)RU\TPU\subj\52010  |9 70504 
610 1 |a сталь сортовая 
610 1 |a сортопрокатные станы 
610 1 |a сортовой прокат 
610 1 |a технология 
610 1 |a физико-механические свойства 
610 1 |a производство 
610 1 |a автоматизация 
610 1 |a технико-экономические показатели 
675 |a 621.771.23:669  |z rus 
700 1 |a Бочков  |b Н. Г.  |g Николай Григорьевич 
801 0 |a RU  |b RuMRKP  |c 19950417  |g psbo 
801 1 |a RU  |b 63413507  |c 20140512 
801 2 |a RU  |b 63413507  |c 20141127  |g RCR 
942 |c BK